Establishment of 1st choice employment agency at Mangnao-Canal, Dumagete City / (Record no. 5753)
[ view plain ]
| 000 -LEADER | |
|---|---|
| fixed length control field | 02856naa a2200337Ia 4500 |
| 003 - CONTROL NUMBER IDENTIFIER | |
| control field | OSt |
| 005 - DATE AND TIME OF LATEST TRANSACTION | |
| control field | 20260416155055.0 |
| 007 - PHYSICAL DESCRIPTION FIXED FIELD--GENERAL INFORMATION | |
| fixed length control field | a |
| 008 - FIXED-LENGTH DATA ELEMENTS--GENERAL INFORMATION | |
| fixed length control field | 260416s2017 xx 000 0 und d |
| 040 ## - CATALOGING SOURCE | |
| Original cataloging agency | Foundation University |
| Language of cataloging | Eng |
| Transcribing agency | Foundation University |
| Description conventions | rda |
| 050 ## - LIBRARY OF CONGRESS CALL NUMBER | |
| Classification number | CBA (OprMgt-FS) LG 221 D35 B87 |
| Item number | A5 B87 O64 2014 A97 |
| 099 ## - LOCAL FREE-TEXT CALL NUMBER (OCLC) | |
| Classification number | 799 |
| 100 ## - MAIN ENTRY--PERSONAL NAME | |
| Personal name | Austria, Fatima V. |
| 9 (RLIN) | 1517 |
| Relator term | author. |
| 245 10 - TITLE STATEMENT | |
| Title | Establishment of 1st choice employment agency at Mangnao-Canal, Dumagete City / |
| Statement of responsibility, etc. | by Fatima V. Austria, Lyrah D. Cabunilas, and Beverly L. Dayot |
| 264 ## - PRODUCTION, PUBLICATION, DISTRIBUTION, MANUFACTURE, AND COPYRIGHT NOTICE | |
| Place of production, publication, distribution, manufacture | Dumaguete City : |
| Name of producer, publisher, distributor, manufacturer | Foundation University ; |
| Date of production, publication, distribution, manufacture, copy right date | 2014. |
| Copyright Date | 2014. |
| 300 ## - PHYSICAL DESCRIPTION | |
| Extent | xii, 125 leaves : |
| Other physical details | ill. (chiefly color) ; |
| Dimensions | 28 cm. |
| Materials specified | volume |
| Type of unit | resource |
| 336 ## - CONTENT TYPE | |
| Source | rdacontent |
| Content type term | text |
| Content type code | txt |
| 337 ## - MEDIA TYPE | |
| Source | rdamedia |
| Media type term | unmediated |
| Media type code | n |
| 338 ## - CARRIER TYPE | |
| Materials specified | rdacarrier |
| Carrier type term | volume |
| Carrier type code | nc |
| 502 ## - DISSERTATION, THESIS NOTE | |
| Master's Degree Note | Undergraduate feasibility (BS in Administration Major in Operations Management) - - Foundation University, 2014. |
| 504 ## - BIBLIOGRAPHY, ETC. NOTE | |
| Bibliography, etc. note | Includes bibliographical references and appendices. |
| 520 ## - ABSTRACT, SUMMARY, ETC. | |
| Abstract, Summary, etc. | ABSTRACT<br/>The objective of this study is to determine the feasibility of establishing 1<br/>Choice Employment Agency at Mangnao-Canal Dumaguete City.<br/>A total number of 119 of respondents which consists of large scale<br/>business establishment in Dumaguete City were selected through lottery since<br/>there are 169 establishments being established in the City.<br/>The proposed project will be named as 1 Choice Employment Agency<br/>because it is suggestive in its business nature, this agency will be their 1 choice<br/>in finding a job. This project is a sole proprietorship type of business.<br/>On the results gathered from the study, 1 Choice Employment Agency is<br/>feasible in the marketing, management, technical, financial and socio-economic<br/>aspect for the reason that it is found viable and most of the respondents are<br/>willing to avail the proposed project.<br/>The proponent will invest Php 3,000,000.00 as capital. This amount will be<br/>utilized in purchasing the land to which it will be establish, construction of the<br/>building, furniture's and fixtures and expenses of the business in its operation.<br/>Since this project will be solely own, the capital will come from the proponent<br/>itself. |
| 650 ## - SUBJECT ADDED ENTRY--TOPICAL TERM | |
| Topical term or geographic name entry element | Feasibility studies |
| Geographic subdivision | Philippines. |
| -- | Dumaguete City. |
| 9 (RLIN) | 1518 |
| 650 ## - SUBJECT ADDED ENTRY--TOPICAL TERM | |
| Topical term or geographic name entry element | Employment agencies |
| Geographic subdivision | Philippines. |
| -- | Dumaguete City. |
| 9 (RLIN) | 15506 |
| 650 ## - SUBJECT ADDED ENTRY--TOPICAL TERM | |
| Topical term or geographic name entry element | Personnel management |
| Geographic subdivision | Philippines. |
| -- | Dumaguete City. |
| 9 (RLIN) | 15505 |
| 650 ## - SUBJECT ADDED ENTRY--TOPICAL TERM | |
| Topical term or geographic name entry element | Small business |
| 9 (RLIN) | 15504 |
| Geographic subdivision | Philippines |
| -- | Dumaguete City. |
| 658 ## - INDEX TERM--CURRICULUM OBJECTIVE | |
| Main curriculum objective | Project Feasibility Study : |
| Subordinate curriculum objective | Administration Major in Operations Management, Bachelor of Science in ; |
| Curriculum code | FSB301. |
| 700 1# - ADDED ENTRY--PERSONAL NAME | |
| Personal name | Cabunilas, lyrrah D. |
| Relator term | co-author |
| 9 (RLIN) | 15522 |
| 700 1# - ADDED ENTRY--PERSONAL NAME | |
| Personal name | Dayot, Beverly L. |
| Relator term | co-author |
| 9 (RLIN) | 15525 |
| 942 ## - ADDED ENTRY ELEMENTS (KOHA) | |
| Source of classification or shelving scheme | Library of Congress Classification |
| Koha item type | Feasibility Study |
| Classification part | LG 221 D35 B87 |
| Item part | A5 B87 O64 2014 A97 |
| Call number prefix | CBA (OprMgt-FS) |
| Suppress in OPAC | No |
| Withdrawn status | Lost status | Source of classification or shelving scheme | Damaged status | Not for loan | Home library | Current library | Shelving location | Date acquired | Source of acquisition | Total Checkouts | Full call number | Barcode | Date last seen | Price effective from | Koha item type | Accession Number |
|---|---|---|---|---|---|---|---|---|---|---|---|---|---|---|---|---|
| Library of Congress Classification | Foundation University Library | Foundation University Library | Undergraduate Thesis | 04/16/2026 | Donated | CBA (OprMgt-FS) LG 221 D35 B87 A5 B87 O64 2014 A97 | 60870 | 04/16/2026 | 04/16/2026 | Feasibility Study | OprMgt-FS-2026006 |
